Handbook of optical biomedical diagnostics (Record no. 16696)
[ view plain ]
| 000 -LEADER | |
|---|---|
| fixed length control field | 00469nam a2200169Ia 4500 |
| 005 - DATE AND TIME OF LATEST TRANSACTION | |
| control field | 20260123211350.0 |
| 008 - FIXED-LENGTH DATA ELEMENTS--GENERAL INFORMATION | |
| fixed length control field | 170106s2002||||xx |||||||||||||| ||und|| |
| 020 ## - INTERNATIONAL STANDARD BOOK NUMBER | |
| International Standard Book Number | 9780819442383 |
| 082 ## - DEWEY DECIMAL CLASSIFICATION NUMBER | |
| Classification number | 616.0754 |
| Item number | TUC |
| 100 ## - MAIN ENTRY--PERSONAL NAME | |
| Personal name | Tuchin, Valery V |
| 245 #0 - TITLE STATEMENT | |
| Title | Handbook of optical biomedical diagnostics |
| 260 ## - PUBLICATION, DISTRIBUTION, ETC. | |
| Place of publication, distribution, etc. | Washington |
| Name of publisher, distributor, etc. | SPIE Press |
| Date of publication, distribution, etc. | 2002 |
| 300 ## - PHYSICAL DESCRIPTION | |
| Extent | xv, 1093p. ; 25cm. |
| 653 ## - INDEX TERM--UNCONTROLLED | |
| Uncontrolled term | Biomedical--Diagnostics |
| 653 ## - INDEX TERM--UNCONTROLLED | |
| Uncontrolled term | Optical--Techniques |
| 942 ## - ADDED ENTRY ELEMENTS (KOHA) | |
| Koha item type | Book |
| Source of classification or shelving scheme | Dewey Decimal Classification |
| Withdrawn status | Lost status | Damaged status | Not for loan | Home library | Current library | Shelving location | Date acquired | Source of acquisition | Total Checkouts | Total Renewals | Full call number | Barcode | Date last seen | Date last checked out | Price effective from | Koha item type |
|---|---|---|---|---|---|---|---|---|---|---|---|---|---|---|---|---|
| LRC, IIT Indore | LRC, IIT Indore | 2nd Floor - General Stack | 21/09/2012 | PO No. 139 ; Vendor: Sarat Book House ; Bill No. SL/INV/1001/12-13, dt.03.09.2012; Price: USD 124 | 7 | 4 | 616.0754 TUC | 16696 | 04/11/2019 | 02/11/2019 | 21/09/2012 | Book | ||||
| LRC, IIT Indore | LRC, IIT Indore | 2nd Floor - General Stack | 21/09/2012 | PO No. 139 ; Vendor: Sarat Book House ; Bill No. SL/INV/1001/12-13, dt.03.09.2012; Price: USD 124 | 2 | 616.0754 TUC | 16697 | 04/10/2019 | 03/09/2019 | 21/09/2012 | Book | |||||
| LRC, IIT Indore | LRC, IIT Indore | 2nd Floor - General Stack | 21/09/2012 | PO No. 139 ; Vendor: Sarat Book House ; Bill No. SL/INV/1001/12-13, dt.03.09.2012; Price: USD 124 | 616.0754 TUC | 16698 | 06/01/2017 | 21/09/2012 | Book | |||||||
| LRC, IIT Indore | LRC, IIT Indore | 2nd Floor - General Stack | 21/09/2012 | PO No. 139 ; Vendor: Sarat Book House ; Bill No. SL/INV/1001/12-13, dt.03.09.2012; Price: USD 124 | 616.0754 TUC | 16699 | 06/01/2017 | 21/09/2012 | Book |
